Trabajos prácticos de anatomía patológica (Record no. 52827)

MARC details
000 -LEADER
campo de control de longitud fija 00535nam a2200157 i 4500
001 - NÚMERO DE CONTROL
campo de control 52827
003 - IDENTIFICADOR DE NÚMERO DE CONTROL
campo de control ES-MaACL
007 - CAMPO FIJO DE DESCRIPCIÓN FÍSICA--INFORMACIÓN GENERAL
campo de control de longitud fija t|
008 - DATOS DE LONGITUD FIJA--INFORMACIÓN GENERAL
campo de control de longitud fija 030905s1946 ag ||||1| spa d
100 1# - ENTRADA PRINCIPAL--NOMBRE DE PERSONA
Nombre de persona Defilippo, Rodolfo A.
9 (RLIN) 43203
245 10 - MENCIÓN DEL TÍTULO
Título Trabajos prácticos de anatomía patológica
Resto del título : macroscopia y microscopia /
Mención de responsabilidad, etc. Rodolfo A. Defilippo, Mauricio Rapaport.
250 ## - MENCION DE EDICION
Mención de edición 2ª ed.
260 ## - PUBLICACIÓN, DISTRIBUCIÓN, ETC.
Lugar de publicación, distribución, etc. Buenos Aires :
Nombre del editor, distribuidor, etc. Vázquez,
Fecha de publicación, distribución, etc. 1946 (
Fabricante Impresora Argentina)
300 ## - DESCRIPCIÓN FÍSICA
Extensión 457 p., 2 lám. :
Otras características físicas il. ;
Dimensiones 23 cm.
852 ## - LOCALIZACIÓN
Ubicación ES-MaACL
Número de control de estantería E-2134
Sublocalización o colección R.22840
Holdings
Estatus retirado Estado de pérdida Estado de daño No para préstamo Biblioteca de origen Biblioteca actual Ubicación en estantería Fecha de adquisición Fuente de adquisición Total de préstamos Signatura topográfica completa Código de barras Visto por última vez Precio de reemplazo Tipo de ítem Koha
        Biblioteca del Ateneo de Madrid Biblioteca del Ateneo de Madrid Depósito 2 17/01/2008     E-2134 1055519 23/02/2023 23/02/2023 Libro impreso